000 00631nam a22001817a 4500
005 20231115131921.0
008 231115b |||||||| |||| 00| 0 eng d
020 _a0702132306
041 _aEnglish
082 _a344.1 MIS
100 _aMischke, C and Garbers, C
_lEnglish
245 _aSafety at Work :
_bA Guide to Occupational Health, Safety and Accident Compensation Legislation /
_cC Mischke and C Garbers
250 _aFirst Edition
260 _aCape Town :
_bJuta and Company Ltd,
_c1994
300 _bxvi, 153 pages ;
_c23 cm.
650 _aLegal practice
_bLaw
942 _cBK
_6ALISON_BN_VRIES
999 _c683
_d683